Statistics for Island Countries Flag Quiz

Click here to take the quiz!

General Stats

  • This quiz has been taken 21 times
  • The average score is 32 of 38

Answer Stats

Answer% Correct
Cuba
100%
Cyprus
100%
Iceland
100%
Indonesia
100%
Japan
100%
Singapore
100%
Bahamas
93%
Barbados
93%
Dominica
93%
Ireland
93%
Jamaica
93%
Malta
93%
Nauru
93%
Philippines
93%
Tonga
93%
Antigua and Barbuda
87%
Bahrain
87%
Grenada
87%
Palau
87%
Seychelles
87%
Dominican Republic
80%
Fiji
80%
Maldives
80%
Cape Verde
73%
Comoros
73%
Kiribati
73%
Madagascar
73%
Micronesia
73%
Saint Vincent and the Grenadines
73%
Samoa
73%
Trinidad and Tobago
73%
Tuvalu
73%
Vanuatu
73%
Saint Kitts and Nevis
67%
Saint Lucia
67%
Sao Tome and Principe
67%
Marshall islands
60%
Solomon islands
53%

Score Distribution

Percentile by Number Answered

Percent of People with Each Score

Your Score History

You have not taken this quiz